[Event "FRA-chT Top 12 2019"]
[Site "Brest"]
[Date "2019.05.25"]
[Round "8.4"]
[White "Chabanon, Jean-Luc"]
[Black "Malakhov, Vladimir"]
[Result "0-1"]
[WhiteElo "2437"]
[BlackElo "2660"]
[Annotator "RC"]
[PlyCount "102"]
[EventDate "2019.05.18"]
[EventType "team-tourn"]
[EventCountry "FRA"]
[SourceTitle "playchess.com"]
[Source "ChessBase"]
[SourceQuality "1"]
[TimeControl "40/5400+30:1800+30"]

1. d4 {[%emt 0:01:44]} d5 {[%emt 0:00:00]} 2. c4 {[%emt 0:00:10]} c6 {[%emt 0:00:00]} 3. Nc3 {[%emt 0:00:41]} Nf6 {[%emt 0:00:03]} 4. e3 {[%emt 0:03:31]} g6 {[%emt 0:01:12]} 5. Nf3 {[%emt 0:01:41]} Bg7 {[%emt 0:00:05]} 6. Bd3 {[%emt 0:02:58]} O-O {[%emt 0:01:01]} 7. O-O {[%emt 0:00:05]} e6 {[%emt 0:00:04]} 8. e4 {[%emt 0:10:54]} dxe4 {[%emt 0:02:08]} 9. Nxe4 {[%emt 0:00:21]} Nxe4 {[%emt 0:00:05]} 10. Bxe4 {[%emt 0:00:07]} Nd7 {[%emt 0:02:10]} 11. Bf4 {[%emt 0:06:04]} Re8 {[%emt 0:00:28]} 12. Re1 {[%emt 0:18:23]} c5 {[%emt 0:12:50]} 13. d5 {[%emt 0:27:04]} e5 {[%emt 0:10:18]} 14. Bg5 {[%emt 0:04:25]} f6 {[%emt 0:00:09]} 15. Bh4 {[%emt 0:02:37]} Nb6 {[%emt 0:03:59]} 16. b4 {[%emt 0:04:02]} Qd6 {[%emt 0:03:04]} 17. Rc1 {[%emt 0:03:53]} Bg4 {[%emt 0:05:32]} 18. bxc5 {[%emt 0:06:22]} Qxc5 {[%emt 0:00:12]} 19. d6 {[%emt 0:01:09]} Rad8 {[%emt 0:01:48]} 20. Bxb7 {[%emt 0:00:08]} Rxd6 {[%emt 0:00:19]} 21. Qb3 {[%emt 0:00:04]} Be6 {[%emt 0:17:36]} 22. Qb5 {[%emt 0:00:38]} Qxb5 {[%emt 0:02:34]} 23. cxb5 {[%emt 0:00:02]} g5 {[%emt 0:04:24]} 24. Bg3 {[%emt 0:00:09]} h5 {[%emt 0:00:04]} 25. h4 {[%emt 0:00:24]} g4 {[%emt 0:00:05]} 26. Nh2 {[%emt 0:01:50]} Bxa2 {[%emt 0:00:37]} 27. Rc7 {[%emt 0:00:34]} Red8 {[%emt 0:03:34]} 28. f4 {[%emt 0:00:39]} Rd1 {[%emt 0:03:31]} 29. Rxd1 {[%emt 0:00:28]} Rxd1+ {[%emt 0:00:14]} 30. Kf2 {[%emt 0:00:01]} Nd5 {[%emt 0:05:23]} 31. Rc8+ {[%emt 0:00:33]} Kf7 {[%emt 0:00:06]} 32. Rc2 {[%emt 0:02:57]} Bb3 {[%emt 0:02:34]} 33. Bxd5+ {[%emt 0:00:28]} Bxd5 {[%emt 0:00:06]} 34. Nf1 {[%emt 0:00:14]} Rb1 {[%emt 0:02:00]} 35. Ne3 {[%emt 0:00:25]} Be4 {[%emt 0:03:08]} 36. Ra2 {[%emt 0:00:15]} Kg8 {[%emt 0:03:24]} 37. fxe5 {[%emt 0:00:42]} fxe5 {[%emt 0:00:33]} 38. Rxa7 {[%emt 0:00:58]} Rb2+ {[%emt 0:00:06]} 39. Ke1 {[%emt 0:00:44]} Rxb5 {[%emt 0:00:27]} 40. Nc4 {[%emt 0:00:55]} Bxg2 {[%emt 0:03:23]} 41. Rc7 {[%emt 0:13:42]} Bf6 {[%emt 0:04:18]} 42. Kf2 {[%emt 0:10:30]} Bf3 {[%emt 0:08:07]} 43. Rf7 {[%emt 0:00:38]} Kxf7 {[%emt 0:00:46]} 44. Nd6+ {[%emt 0:00:05]} Ke6 {[%emt 0:00:04]} 45. Nxb5 {[%emt 0:00:05]} Bd8 {[%emt 0:00:27]} 46. Na3 {[%emt 0:03:05]} Kd5 {[%emt 0:03:36]} 47. Nc2 {[%emt 0:00:36]} Bb6+ {[%emt 0:00:06]} 48. Kf1 {[%emt 0:00:37]} Be4 {[%emt 0:01:37]} 49. Ne1 {[%emt 0:00:05]} Be3 {[%emt 0:00:08]} 50. Ke2 {[%emt 0:00:56]} Bf4 {[%emt 0:00:08]} 51. Bf2 {[%emt 0:00:01]} Ke6 {[%emt 0:00:19]} 0-1

[Event "FRA-chT Top 12 2019"]
[Site "Brest"]
[Date "2019.05.25"]
[Round "8.4"]
[White "Lamard, Guillaume"]
[Black "Hamitevici, Vladimir"]
[Result "0-1"]
[WhiteElo "2405"]
[BlackElo "2476"]
[Annotator "ChessBase"]
[PlyCount "100"]
[EventDate "2019.05.18"]
[EventType "team-tourn"]
[EventCountry "FRA"]
[SourceTitle "playchess.com"]
[Source "ChessBase"]
[SourceQuality "1"]
[TimeControl "40/5400+30:1800+30"]

1. e4 {[%emt 0:00:00]} c6 {[%emt 0:00:26]} 2. d4 {[%emt 0:00:00]} d5 {[%emt 0:00:08]} 3. Nd2 {[%emt 0:00:00]} dxe4 {[%emt 0:00:37]} 4. Nxe4 {[%emt 0:00:00]} Nf6 {[%emt 0:00:46]} 5. Nxf6+ {[%emt 0:00:00]} exf6 {[%emt 0:00:06]} 6. c3 {[%emt 0:00:00]} Bd6 {[%emt 0:00:12]} 7. Bd3 {[%emt 0:00:02]} O-O {[%emt 0:00:18]} 8. Ne2 {[%emt 0:00:03]} Re8 {[%emt 0:00:32]} 9. O-O {[%emt 0:00:30]} Qc7 {[%emt 0:01:40]} 10. Ng3 {[%emt 0:00:42]} Nd7 {[%emt 0:01:13]} 11. Nf5 {[%emt 0:00:03]} Nf8 {[%emt 0:01:12]} 12. Nxd6 {[%emt 0:00:04]} Qxd6 {[%emt 0:00:06]} 13. a4 {[%emt 0:03:47]} Be6 {[%emt 0:01:54]} 14. Be3 {[%emt 0:36:45]} Ng6 {[%emt 0:10:49]} 15. Qf3 {[%emt 0:03:30]} Qd7 {[%emt 0:12:07]} 16. Rfe1 {[%emt 0:11:42]} Bg4 {[%emt 0:03:15]} 17. Qg3 {[%emt 0:00:09]} Bf5 {[%emt 0:00:08]} 18. Be2 {[%emt 0:03:32]} a5 {[%emt 0:00:58]} 19. h4 {[%emt 0:02:53]} Ne7 {[%emt 0:03:31]} 20. h5 {[%emt 0:02:31]} Be4 {[%emt 0:02:07]} 21. h6 {[%emt 0:03:35]} Nf5 {[%emt 0:03:53]} 22. Bg4 {[%emt 0:03:32]} g6 {[%emt 0:00:43]} 23. Qh2 {[%emt 0:02:22]} Qd5 {[%emt 0:04:45]} 24. Bd2 {[%emt 0:03:21]} c5 {[%emt 0:21:00]} 25. Bxf5 {[%emt 0:01:10]} Qxf5 {[%emt 0:02:47]} 26. dxc5 {[%emt 0:07:13]} Qxc5 {[%emt 0:00:47]} 27. Be3 {[%emt 0:00:11]} Qe5 {[%emt 0:01:43]} 28. Bd4 {[%emt 0:04:24]} Qxh2+ {[%emt 0:00:11]} 29. Kxh2 {[%emt 0:00:02]} f5 {[%emt 0:00:12]} 30. b4 {[%emt 0:01:12]} Re6 {[%emt 0:01:06]} 31. Bg7 {[%emt 0:07:01]} Bc2 {[%emt 0:01:14]} 32. Rec1 {[%emt 0:00:17]} Be4 {[%emt 0:03:57]} 33. f3 {[%emt 0:00:29]} Bc6 {[%emt 0:00:15]} 34. b5 {[%emt 0:00:18]} Be8 {[%emt 0:00:05]} 35. Re1 {[%emt 0:01:33]} Rc8 {[%emt 0:00:53]} 36. Rad1 {[%emt 0:01:02]} g5 {[%emt 0:01:03]} 37. Kg3 {[%emt 0:00:55]} Bd7 {[%emt 0:04:28]} 38. Rxd7 {[%emt 0:02:31]} Rxe1 {[%emt 0:00:07]} 39. Rxb7 {[%emt 0:00:07]} Re6 {[%emt 0:00:13]} 40. Ra7 {[%emt 0:01:52]} f6 {[%emt 0:00:17]} 41. Rxa5 {[%emt 0:16:02]} Kf7 {[%emt 0:06:01]} 42. Ra7+ {[%emt 0:03:23]} Kg6 {[%emt 0:00:46]} 43. Rd7 {[%emt 0:09:54]} Rxc3 {[%emt 0:02:06]} 44. a5 {[%emt 0:00:30]} Rc2 {[%emt 0:05:51]} 45. b6 {[%emt 0:00:13]} Ree2 {[%emt 0:01:04]} 46. Kh2 {[%emt 0:00:07]} Rxg2+ {[%emt 0:00:24]} 47. Kh1 {[%emt 0:00:03]} Rh2+ {[%emt 0:01:25]} 48. Kg1 {[%emt 0:00:02]} Rcg2+ {[%emt 0:00:08]} 49. Kf1 {[%emt 0:00:04]} Ra2 {[%emt 0:00:06]} 50. Kg1 {[%emt 0:00:02]} Rhb2 {[%emt 0:00:22]} 0-1

[Event "FRA-chT Top 12 2019"]
[Site "Brest"]
[Date "2019.05.25"]
[Round "8.5"]
[White "Naiditsch, Arkadij"]
[Black "Tregubov, Pavel V."]
[Result "1/2-1/2"]
[WhiteElo "2682"]
[BlackElo "2586"]
[Annotator "TA"]
[PlyCount "92"]
[EventDate "2019.05.18"]
[EventType "team-tourn"]
[EventCountry "FRA"]
[SourceTitle "playchess.com"]
[Source "ChessBase"]
[SourceQuality "1"]

{[%evp 9,92,0,2,0,25,0,24,31,44,-18,6,9,0,3,8,-11,2,0,0,15,17,-6,0,0,0,-9,-7,-18,-5,-16,27,0,0,0,25,19,62,4,5,8,16,-16,0,0,78,57,58,0,8,13,27,42,27,0,41,41,38,39,45,50,29,0,0,0,0,0,59,0,0,0,0,0,0,0,0,0,0,0,0,0,0,0,0,0,0]} 1. d4 d5 2. Nf3 Nf6 3. c4 c6 4. Nbd2 Bf5 5. Nh4 (5. Qb3 Qb6 6. Nh4 Be4 7. e3 e6 8. Be2 Be7 9. Nxe4 dxe4 10. g3 c5 11. Bd2 cxd4 12. exd4 Nc6 13. Bc3 O-O-O {1-0 (49) Mamedyarov,S (2808)-So,W (2778) Leuven 2018}) 5... Be4 6. Qb3 {D11: Slav Defence: 3 Nf3 sidelines and 3...Nf6 4 e3 Bg4} Nbd7 7. f3 Bg6 8. cxd5 $146 {White has an edge.} ({Predecessor:} 8. Nxg6 hxg6 9. Qxb7 {½-½ (9) Ipatov,A (2601)-Sedlak,N (2538) Valjevo 2012}) 8... cxd5 9. e3 (9. e4 $14) 9... Rb8 10. Nxg6 hxg6 11. f4 e6 12. Nf3 Ne4 13. Bd3 Qa5+ 14. Ke2 Be7 15. Bd2 Nxd2 16. Nxd2 g5 17. fxg5 Bxg5 18. Nf3 Be7 19. Bb5 f6 20. Rac1 a6 21. Bd3 O-O 22. g4 Nb6 23. Qc2 (23. h4 $14) 23... Rfc8 24. Qb1 Na4 25. Nh4 {Bh7+ is the strong threat.} Qb4 26. Bh7+ Kf8 (26... Kf7 $1 $11 {remains equal.}) 27. Ng6+ $16 Ke8 28. Bg8 (28. Nf4 $14) 28... Rc6 $132 {[%mdl 2048] Black is not keeping still} ({Don't blunder} 28... Nxb2 $2 29. Bxe6 Qb5+ 30. Kf3 $18) 29. Nf4 Qxb2+ 30. Qxb2 Nxb2 31. h4 Kd7 32. Rxc6 bxc6 33. Bxe6+ Kd6 34. Bf5 Nc4 35. Nd3 Rb5 36. a4 Rb3 37. h5 Bf8 (37... Kc7 $11) 38. Kf2 ({White should play} 38. Nc5 $1 $14 Rxe3+ 39. Kf2) 38... Kc7 $11 {The position is equal.} 39. Nf4 {[#] Threatens to win with h6!} Rb2+ 40. Kf3 {Black must now prevent Ne6+.} Nd2+ 41. Kg3 Bd6 42. h6 gxh6 43. Rxh6 Nf1+ 44. Kf3 Nd2+ 45. Kg3 Nc4 46. Kf3 Nd2+ {Accuracy: White = 58%, Black = 44%.} 1/2-1/2

[Event "FRA-chT Top 12 2019"]
[Site "Brest"]
[Date "2019.05.25"]
[Round "8.5"]
[White "Feller, Sebastien"]
[Black "Marcelin, Cyril"]
[Result "1-0"]
[WhiteElo "2587"]
[BlackElo "2451"]
[Annotator "ChessBase"]
[PlyCount "83"]
[EventDate "2019.05.18"]
[EventType "team-tourn"]
[EventCountry "FRA"]
[SourceTitle "playchess.com"]
[Source "ChessBase"]
[SourceQuality "1"]
[TimeControl "40/5400+30:1800+30"]

1. d4 {[%emt 0:00:00]} d5 {[%emt 0:00:00]} 2. c4 {[%emt 0:00:05]} e6 {[%emt 0:00:00]} 3. Nc3 {[%emt 0:00:56]} a6 {[%emt 0:00:09]} 4. cxd5 {[%emt 0:01:05]} exd5 {[%emt 0:00:07]} 5. Qb3 {[%emt 0:00:05]} Nc6 {[%emt 0:04:56]} 6. Nf3 {[%emt 0:13:49]} Bb4 {[%emt 0:00:38]} 7. a3 {[%emt 0:08:50]} Ba5 {[%emt 0:08:01]} 8. Bg5 {[%emt 0:05:04]} Nge7 {[%emt 0:03:53]} 9. h3 {[%emt 0:02:38]} O-O {[%emt 0:09:59]} 10. e3 {[%emt 0:02:21]} Bf5 {[%emt 0:01:54]} 11. Be2 {[%emt 0:06:29]} Qd7 {[%emt 0:17:14]} 12. Bf4 {[%emt 0:04:16]} Ng6 {[%emt 0:07:43]} 13. Bh2 {[%emt 0:01:41]} Nce7 {[%emt 0:04:48]} 14. O-O {[%emt 0:05:13]} c6 {[%emt 0:00:02]} 15. Na4 {[%emt 0:09:35]} Ra7 {[%emt 0:00:49]} 16. Nc5 {[%emt 0:01:21]} Qc8 {[%emt 0:00:13]} 17. Qd1 {[%emt 0:00:19]} Bc7 {[%emt 0:00:16]} 18. b4 {[%emt 0:00:19]} Bxh2+ {[%emt 0:00:18]} 19. Nxh2 {[%emt 0:00:15]} Qc7 {[%emt 0:10:25]} 20. a4 {[%emt 0:01:27]} Rfa8 {[%emt 0:00:23]} 21. Rc1 {[%emt 0:00:30]} Nf8 {[%emt 0:02:08]} 22. g4 {[%emt 0:09:00]} Bd7 {[%emt 0:08:32]} 23. f4 {[%emt 0:01:14]} Re8 {[%emt 0:01:17]} 24. Rf2 {[%emt 0:03:53]} Nc8 {[%emt 0:00:09]} 25. Nf1 {[%emt 0:02:46]} Nd6 {[%emt 0:00:08]} 26. a5 {[%emt 0:02:24]} Ne4 {[%emt 0:08:17]} 27. Nxe4 {[%emt 0:00:46]} Rxe4 {[%emt 0:00:06]} 28. Bf3 {[%emt 0:05:02]} Re7 {[%emt 0:00:22]} 29. Bxd5 {[%emt 0:01:12]} Qd6 {[%emt 0:00:15]} 30. Bg2 {[%emt 0:00:51]} Qxb4 {[%emt 0:00:16]} 31. Qd2 {[%emt 0:00:34]} Qxd2 {[%emt 0:04:02]} 32. Rxd2 {[%emt 0:00:16]} f5 {[%emt 0:03:40]} 33. gxf5 {[%emt 0:00:31]} Bxf5 {[%emt 0:00:02]} 34. d5 {[%emt 0:00:36]} cxd5 {[%emt 0:01:06]} 35. Rxd5 {[%emt 0:00:21]} Bd7 {[%emt 0:01:58]} 36. Rd6 {[%emt 0:00:48]} Kf7 {[%emt 0:00:46]} 37. Rb6 {[%emt 0:02:04]} Be6 {[%emt 0:02:29]} 38. Nd2 {[%emt 0:02:00]} Ke8 {[%emt 0:00:59]} 39. Ne4 {[%emt 0:00:48]} Kd8 {[%emt 0:00:31]} 40. Nd6 {[%emt 0:01:16]} Rc7 {[%emt 0:00:30]} 41. Rxc7 {[%emt 0:09:09]} Kxc7 {[%emt 0:00:06]} 42. Ne8+ {[%emt 0:01:07]} 1-0

[Event "FRA-chT Top 12 2019"]
[Site "Brest"]
[Date "2019.05.25"]
[Round "8.5"]
[White "Barseghyan, Harutyun"]
[Black "Gozzoli, Yannick"]
[Result "1/2-1/2"]
[WhiteElo "2470"]
[BlackElo "2622"]
[Annotator "ChessBase"]
[PlyCount "25"]
[EventDate "2019.05.18"]
[EventType "team-tourn"]
[EventCountry "FRA"]
[SourceTitle "playchess.com"]
[Source "ChessBase"]
[SourceQuality "1"]
[TimeControl "40/5400+30:1800+30"]

1. d4 {[%emt 0:00:00]} Nf6 {[%emt 0:00:00]} 2. c4 {[%emt 0:00:00]} g6 {[%emt 0:00:00]} 3. Nc3 {[%emt 0:00:26]} d5 {[%emt 0:00:09]} 4. cxd5 {[%emt 0:00:54]} Nxd5 {[%emt 0:00:22]} 5. e4 {[%emt 0:00:04]} Nxc3 {[%emt 0:00:05]} 6. bxc3 {[%emt 0:00:03]} Bg7 {[%emt 0:00:08]} 7. Be3 {[%emt 0:00:06]} c5 {[%emt 0:00:11]} 8. Nf3 {[%emt 0:00:02]} Qa5 {[%emt 0:00:22]} 9. Qd2 {[%emt 0:00:11]} O-O {[%emt 0:01:27]} 10. Rb1 {[%emt 0:01:10]} Nd7 {[%emt 0:11:11]} 11. Bd3 {[%emt 0:02:46]} b6 {[%emt 0:14:59]} 12. O-O {[%emt 0:10:37]} Ba6 {[%emt 0:07:10]} 13. Bxa6 {[%emt 0:10:09]} 1/2-1/2

[Event "FRA-chT Top 12 2019"]
[Site "Brest"]
[Date "2019.05.25"]
[Round "8.5"]
[White "Philippe, Christophe"]
[Black "Delabaca, Romuald"]
[Result "1/2-1/2"]
[WhiteElo "2378"]
[BlackElo "2360"]
[Annotator "NA"]
[PlyCount "99"]
[EventDate "2019.05.18"]
[EventType "team-tourn"]
[EventCountry "FRA"]
[SourceTitle "playchess.com"]
[Source "ChessBase"]
[SourceQuality "1"]
[TimeControl "40/5400+30:1800+30"]

1. d4 {[%emt 0:00:00]} Nf6 {[%emt 0:00:00]} 2. Nf3 {[%emt 0:00:00]} e6 {[%emt 0:00:04]} 3. Bg5 {[%emt 0:00:09]} c5 {[%emt 0:03:16]} 4. e3 {[%emt 0:00:09]} cxd4 {[%emt 0:01:46]} 5. exd4 {[%emt 0:00:06]} Be7 {[%emt 0:00:45]} 6. Bd3 {[%emt 0:01:36]} b6 {[%emt 0:04:50]} 7. O-O {[%emt 0:01:21]} Bb7 {[%emt 0:01:14]} 8. Nbd2 {[%emt 0:02:49]} O-O {[%emt 0:02:33]} 9. Re1 {[%emt 0:01:28]} d6 {[%emt 0:03:32]} 10. Nf1 {[%emt 0:04:53]} Nbd7 {[%emt 0:03:04]} 11. Ng3 {[%emt 0:04:48]} Re8 {[%emt 0:06:23]} 12. c4 {[%emt 0:07:40]} d5 {[%emt 0:05:59]} 13. cxd5 {[%emt 0:11:40]} Nxd5 {[%emt 0:07:55]} 14. Bxe7 {[%emt 0:01:31]} Rxe7 {[%emt 0:05:41]} 15. Qd2 {[%emt 0:02:00]} Re8 {[%emt 0:09:02]} 16. Rad1 {[%emt 0:05:36]} Qc7 {[%emt 0:07:12]} 17. Ne5 {[%emt 0:13:31]} N7f6 {[%emt 0:03:53]} 18. Qg5 {[%emt 0:04:52]} h6 {[%emt 0:06:37]} 19. Qh4 {[%emt 0:00:06]} Qe7 {[%emt 0:00:19]} 20. a3 {[%emt 0:03:59]} Nd7 {[%emt 0:08:03]} 21. Qxe7 {[%emt 0:05:54]} Rxe7 {[%emt 0:00:12]} 22. Rc1 {[%emt 0:03:02]} N7f6 {[%emt 0:03:22]} 23. Ne2 {[%emt 0:04:26]} a6 {[%emt 0:08:34]} 24. g3 {[%emt 0:02:43]} Ree8 {[%emt 0:00:46]} 25. f3 {[%emt 0:01:42]} Rac8 {[%emt 0:00:44]} 26. Kf2 {[%emt 0:00:15]} Red8 {[%emt 0:00:36]} 27. h4 {[%emt 0:04:28]} Kf8 {[%emt 0:03:30]} 28. g4 {[%emt 0:00:30]} Rxc1 {[%emt 0:00:29]} 29. Rxc1 {[%emt 0:00:15]} Rc8 {[%emt 0:01:07]} 30. Rg1 {[%emt 0:03:34]} Ke7 {[%emt 0:01:29]} 31. g5 {[%emt 0:02:29]} hxg5 {[%emt 0:00:04]} 32. hxg5 {[%emt 0:00:06]} Nd7 {[%emt 0:01:19]} 33. Rh1 {[%emt 0:01:15]} Nxe5 {[%emt 0:01:11]} 34. dxe5 {[%emt 0:00:04]} g6 {[%emt 0:00:04]} 35. Rh7 {[%emt 0:00:33]} Rg8 {[%emt 0:00:22]} 36. Be4 {[%emt 0:00:53]} Ba8 {[%emt 0:01:11]} 37. Nd4 {[%emt 0:04:12]} Kf8 {[%emt 0:00:42]} 38. Kg3 {[%emt 0:01:55]} Ke7 {[%emt 0:00:08]} 39. Ne2 {[%emt 0:01:27]} Bc6 {[%emt 0:00:59]} 40. Nd4 {[%emt 0:01:01]} Ba8 {[%emt 0:00:05]} 41. Kf2 {[%emt 0:03:43]} Bb7 {[%emt 0:04:21]} 42. Nc2 {[%emt 0:04:53]} Ba8 {[%emt 0:02:04]} 43. Kg3 {[%emt 0:04:34]} Bc6 {[%emt 0:02:47]} 44. Ne1 {[%emt 0:02:29]} Ba8 {[%emt 0:06:22]} 45. Ng2 {[%emt 0:00:41]} Bc6 {[%emt 0:01:48]} 46. b4 {[%emt 0:05:07]} Ba8 {[%emt 0:00:21]} 47. Nh4 {[%emt 0:02:21]} Kf8 {[%emt 0:02:53]} 48. Ng2 {[%emt 0:03:39]} Ke7 {[%emt 0:00:05]} 49. Nh4 {[%emt 0:02:00]} Kf8 {[%emt 0:00:07]} 50. Ng2 {[%emt 0:01:37]} 1/2-1/2

[Event "FRA-chT Top 12 2019"]
[Site "Brest"]
[Date "2019.05.25"]
[Round "8.5"]
[White "Payen, Arnaud"]
[Black "Apicella, Manuel"]
[Result "1/2-1/2"]
[WhiteElo "2358"]
[BlackElo "2502"]
[Annotator "ChessBase"]
[PlyCount "31"]
[EventDate "2019.05.18"]
[EventType "team-tourn"]
[EventCountry "FRA"]
[SourceTitle "playchess.com"]
[Source "ChessBase"]
[SourceQuality "1"]
[TimeControl "40/5400+30:1800+30"]

1. d4 {[%emt 0:00:00]} Nf6 {[%emt 0:00:00]} 2. c4 {[%emt 0:00:00]} g6 {[%emt 0:00:25]} 3. g3 {[%emt 0:00:29]} Bg7 {[%emt 0:00:07]} 4. Bg2 {[%emt 0:00:13]} O-O {[%emt 0:00:07]} 5. Nf3 {[%emt 0:00:15]} d6 {[%emt 0:00:07]} 6. O-O {[%emt 0:00:24]} Nbd7 {[%emt 0:00:06]} 7. Nc3 {[%emt 0:00:26]} e5 {[%emt 0:00:08]} 8. e4 {[%emt 0:01:06]} c6 {[%emt 0:00:21]} 9. Be3 {[%emt 0:03:45]} exd4 {[%emt 0:03:09]} 10. Nxd4 {[%emt 0:00:10]} Re8 {[%emt 0:00:17]} 11. h3 {[%emt 0:00:28]} a5 {[%emt 0:01:24]} 12. Qc2 {[%emt 0:01:01]} Nc5 {[%emt 0:02:01]} 13. Nb3 {[%emt 0:01:37]} Ne6 {[%emt 0:03:20]} 14. Na4 {[%emt 0:00:29]} Nd7 {[%emt 0:00:23]} 15. Rad1 {[%emt 0:01:02]} Qe7 {[%emt 0:00:41]} 16. f4 {[%emt 0:13:48]} 1/2-1/2

[Event "FRA-chT Top 12 2019"]
[Site "Brest"]
[Date "2019.05.25"]
[Round "8.5"]
[White "Ribbegren, Karl Johan"]
[Black "Sokolov, Andrei"]
[Result "1/2-1/2"]
[WhiteElo "2209"]
[BlackElo "2496"]
[Annotator "ChessBase"]
[PlyCount "53"]
[EventDate "2019.05.18"]
[EventType "team-tourn"]
[EventCountry "FRA"]
[SourceTitle "playchess.com"]
[Source "ChessBase"]
[SourceQuality "1"]
[TimeControl "40/5400+30:1800+30"]

1. c4 {[%emt 0:00:00]} Nf6 {[%emt 0:01:24]} 2. g3 {[%emt 0:00:28]} e6 {[%emt 0:01:08]} 3. Bg2 {[%emt 0:00:34]} d5 {[%emt 0:00:49]} 4. Nf3 {[%emt 0:01:17]} dxc4 {[%emt 0:06:10]} 5. Qc2 {[%emt 0:00:48]} Nbd7 {[%emt 0:03:57]} 6. Na3 {[%emt 0:01:13]} Nd5 {[%emt 0:04:39]} 7. Nxc4 {[%emt 0:01:42]} Be7 {[%emt 0:09:13]} 8. O-O {[%emt 0:01:17]} O-O {[%emt 0:01:26]} 9. b3 {[%emt 0:07:31]} c5 {[%emt 0:08:27]} 10. Bb2 {[%emt 0:08:28]} b6 {[%emt 0:02:15]} 11. Rad1 {[%emt 0:04:48]} Bb7 {[%emt 0:03:40]} 12. d4 {[%emt 0:01:37]} b5 {[%emt 0:08:18]} 13. Nce5 {[%emt 0:03:15]} Nxe5 {[%emt 0:03:42]} 14. Nxe5 {[%emt 0:04:21]} Rc8 {[%emt 0:02:15]} 15. dxc5 {[%emt 0:03:36]} Rxc5 {[%emt 0:05:56]} 16. Qd2 {[%emt 0:07:16]} Qc7 {[%emt 0:09:47]} 17. Rc1 {[%emt 0:00:23]} Rd8 {[%emt 0:04:45]} 18. Bd4 {[%emt 0:12:10]} Nf6 {[%emt 0:09:55]} 19. Bxb7 {[%emt 0:11:13]} Rxd4 {[%emt 0:02:29]} 20. Qxd4 {[%emt 0:07:57]} Rxc1 {[%emt 0:00:11]} 21. Rxc1 {[%emt 0:00:29]} Qxc1+ {[%emt 0:00:06]} 22. Kg2 {[%emt 0:00:05]} Qc5 {[%emt 0:00:55]} 23. Qxc5 {[%emt 0:00:58]} Bxc5 {[%emt 0:00:07]} 24. Nd3 {[%emt 0:01:00]} Bd6 {[%emt 0:01:15]} 25. e4 {[%emt 0:05:14]} Ng4 {[%emt 0:01:46]} 26. h3 {[%emt 0:01:26]} Ne5 {[%emt 0:00:16]} 27. Nxe5 {[%emt 0:00:43]} 1/2-1/2

[Event "FRA-chT Top 12 2019"]
[Site "Brest"]
[Date "2019.05.25"]
[Round "8.6"]
[White "Hamdouchi, Hicham"]
[Black "Maze, Sebastien"]
[Result "1/2-1/2"]
[WhiteElo "2584"]
[BlackElo "2579"]
[Annotator "ChessBase"]
[PlyCount "140"]
[EventDate "2019.05.18"]
[EventType "team-tourn"]
[EventCountry "FRA"]
[SourceTitle "playchess.com"]
[Source "ChessBase"]
[SourceQuality "1"]
[TimeControl "40/5400+30:1800+30"]

1. e4 {[%emt 0:00:00]} c5 {[%emt 0:00:00]} 2. Nf3 {[%emt 0:00:05]} Nc6 {[%emt 0:00:00]} 3. d4 {[%emt 0:00:25]} cxd4 {[%emt 0:00:00]} 4. Nxd4 {[%emt 0:00:07]} e6 {[%emt 0:00:00]} 5. Nc3 {[%emt 0:02:49]} Qc7 {[%emt 0:00:01]} 6. g3 {[%emt 0:00:49]} a6 {[%emt 0:00:21]} 7. Bg2 {[%emt 0:00:08]} Nf6 {[%emt 0:00:05]} 8. O-O {[%emt 0:00:49]} h5 {[%emt 0:00:03]} 9. Nxc6 {[%emt 0:07:39]} dxc6 {[%emt 0:00:07]} 10. a4 {[%emt 0:01:34]} a5 {[%emt 0:01:02]} 11. Qe2 {[%emt 0:07:34]} e5 {[%emt 0:02:32]} 12. Nd1 {[%emt 0:02:32]} h4 {[%emt 0:08:53]} 13. Ne3 {[%emt 0:07:58]} hxg3 {[%emt 0:00:21]} 14. hxg3 {[%emt 0:00:36]} Bc5 {[%emt 0:02:54]} 15. Rd1 {[%emt 0:01:07]} g6 {[%emt 0:08:12]} 16. b3 {[%emt 0:04:28]} b6 {[%emt 0:22:41]} 17. Bb2 {[%emt 0:06:49]} Ba6 {[%emt 0:00:05]} 18. Qf3 {[%emt 0:03:05]} Qe7 {[%emt 0:00:44]} 19. Rd2 {[%emt 0:03:36]} Rd8 {[%emt 0:18:57]} 20. Rad1 {[%emt 0:00:24]} Rxd2 {[%emt 0:00:08]} 21. Rxd2 {[%emt 0:00:05]} O-O {[%emt 0:02:38]} 22. Ng4 {[%emt 0:28:00]} Nxg4 {[%emt 0:00:45]} 23. Qxg4 {[%emt 0:00:07]} Bc8 {[%emt 0:03:09]} 24. Qh4 {[%emt 0:04:22]} Qxh4 {[%emt 0:00:49]} 25. gxh4 {[%emt 0:00:06]} f6 {[%emt 0:00:14]} 26. Kh2 {[%emt 0:01:28]} Kf7 {[%emt 0:02:01]} 27. Kg3 {[%emt 0:00:09]} Rh8 {[%emt 0:03:10]} 28. Bf1 {[%emt 0:00:53]} Be6 {[%emt 0:01:31]} 29. Bc3 {[%emt 0:06:43]} Ke7 {[%emt 0:01:09]} 30. Bg2 {[%emt 0:01:54]} Rh6 {[%emt 0:04:36]} 31. Re2 {[%emt 0:01:37]} Rh8 {[%emt 0:00:43]} 32. Bf3 {[%emt 0:01:53]} Bd6 {[%emt 0:00:56]} 33. Re1 {[%emt 0:00:31]} Rg8 {[%emt 0:00:58]} 34. Kg2 {[%emt 0:01:27]} f5 {[%emt 0:06:30]} 35. Rh1 {[%emt 0:00:55]} f4 {[%emt 0:00:58]} 36. Be2 {[%emt 0:01:13]} Rh8 {[%emt 0:01:33]} 37. Bc4 {[%emt 0:02:10]} Bxc4 {[%emt 0:01:23]} 38. bxc4 {[%emt 0:00:03]} Ke6 {[%emt 0:00:11]} 39. Kf3 {[%emt 0:02:30]} Be7 {[%emt 0:05:19]} 40. Kg4 {[%emt 0:00:18]} Rh5 {[%emt 0:00:21]} 41. f3 {[%emt 0:02:00]} Rh8 {[%emt 0:07:55]} 42. Be1 {[%emt 0:09:20]} Rd8 {[%emt 0:02:50]} 43. Bf2 {[%emt 0:09:41]} Rd2 {[%emt 0:00:34]} 44. Bxb6 {[%emt 0:00:09]} Rg2+ {[%emt 0:01:22]} 45. Kh3 {[%emt 0:00:04]} Rg3+ {[%emt 0:00:04]} 46. Kh2 {[%emt 0:00:04]} Rxf3 {[%emt 0:00:05]} 47. Rg1 {[%emt 0:00:41]} Kf7 {[%emt 0:03:07]} 48. Bxa5 {[%emt 0:01:57]} Bxh4 {[%emt 0:05:28]} 49. Bb4 {[%emt 0:01:26]} c5 {[%emt 0:04:58]} 50. Bxc5 {[%emt 0:00:51]} Rc3 {[%emt 0:00:07]} 51. a5 {[%emt 0:02:22]} Bg3+ {[%emt 0:00:57]} 52. Kg2 {[%emt 0:00:36]} Rxc4 {[%emt 0:03:32]} 53. Bb6 {[%emt 0:00:13]} Rxc2+ {[%emt 0:00:21]} 54. Kf3 {[%emt 0:00:17]} Ra2 {[%emt 0:00:51]} 55. Rc1 {[%emt 0:01:27]} Bh4 {[%emt 0:01:15]} 56. Rc7+ {[%emt 0:00:28]} Ke8 {[%emt 0:00:42]} 57. Rg7 {[%emt 0:02:01]} Bf6 {[%emt 0:02:55]} 58. Rxg6 {[%emt 0:01:05]} Kf7 {[%emt 0:00:04]} 59. Rh6 {[%emt 0:01:55]} Ra3+ {[%emt 0:00:18]} 60. Kf2 {[%emt 0:00:01]} Bg5 {[%emt 0:01:27]} 61. Rh1 {[%emt 0:00:58]} Kg6 {[%emt 0:01:21]} 62. Kg2 {[%emt 0:00:38]} Be7 {[%emt 0:00:43]} 63. Rh3 {[%emt 0:01:23]} Ra2+ {[%emt 0:00:28]} 64. Kf3 {[%emt 0:00:51]} Bb4 {[%emt 0:01:15]} 65. Bc7 {[%emt 0:00:26]} Bc3 {[%emt 0:00:43]} 66. Kg4 {[%emt 0:00:56]} Bd4 {[%emt 0:00:37]} 67. Rd3 {[%emt 0:00:53]} Rg2+ {[%emt 0:01:04]} 68. Kf3 {[%emt 0:00:53]} Rf2+ {[%emt 0:01:19]} 69. Kg4 {[%emt 0:00:03]} Rg2+ {[%emt 0:00:40]} 70. Kf3 {[%emt 0:00:03]} Rf2+ {[%emt 0:00:31]} 1/2-1/2